000
00288nam a2200109Ia 4500
008
220204s9999 xx 000 0 und d
082
_a
82:32(545)
_b
BRA
100
_a
Brass, P R
245
0
_a
Language religion and politics in North India
260
_a
London
_b
Cambridge
_c
1974
942
_c
BK
999
_c
29192
_d
29192